Horizontally Symmetrical Country Flags - Statistics

General Stats
  • This quiz has been taken 414 times
  • The average score is 36 of 56
Answer Stats
Hint Answer % Correct
Russia
83%
Netherlands
82%
Austria
81%
Canada
81%
Peru
81%
Germany
80%
Poland
80%
Lithuania
77%
Colombia
76%
Latvia
76%
Luxembourg
76%
Monaco
76%
Hungary
75%
Estonia
74%
Bulgaria
73%
Indonesia
71%
Japan
71%
Ukraine
71%
India
70%
Suriname
69%
Yemen
69%
Honduras
68%
Jamaica
68%
Niger
68%
Switzerland
68%
Venezuela
68%
Barbados
66%
Nigeria
65%
Antigua and Barbuda
63%
Armenia
63%
Gabon
63%
Israel
63%
Laos
63%
Albania
62%
Vietnam
62%
Morocco
61%
Ghana
59%
Thailand
59%
St Lucia
58%
Botswana
57%
Sierra Leone
57%
Somalia
57%
Syria
57%
Mauritius
55%
Georgia
54%
Kenya
53%
Mauritania
52%
Gambia
51%
Macedonia
50%
Cambodia
49%
F.S. of Micronesia
48%
Myanmar
48%
Burundi
47%
Burkina Faso
46%
Tajikistan
46%
Malawi
45%
No matching quizzes found
Score Distribution
Percent of People with Each Score
Percentile by Number Answered
Your Score History
You have not taken this quiz